000 002970000a22001450004500
003 MACL
040 _aMACL
090 _c32366
_d32364
100 _aLal,Dr. Jagdish
245 _aHydraulic Machines
260 _bMetropolitan Book
350 _a140
650 _aPhysics
942 _cBOOK
_k532/Jag
999 _c32037
_d32037